| 000 | 00426nam a2200169 a 4500 | ||
|---|---|---|---|
| 001 | 15454 | ||
| 005 | 20180713204128.0 | ||
| 008 | 140415s1970 000 0 eng d | ||
| 041 | _aeng | ||
| 082 |
_a153.3 _bHOR |
||
| 100 | 1 | _aHOROWITZ, MARDI JON | |
| 245 | 1 | 0 | _aIMAGE FORMATION AND COGNITION |
| 250 | _a1a ed. | ||
| 260 |
_a[s.l.] : _bA.C.C., _c1970 |
||
| 300 | _a351 | ||
| 650 | 1 | 4 |
_aCOGNICION _xPERCEPCION |
| 999 |
_c15454 _d15454 |
||